000 00407nam a22001457a 4500
020 _a020152815
040 _cNust
082 _a512.02
_bFRA
100 _aJohn B. Fraleigh
_935594
245 _aA first course in abstract algebra
250 _a4th Edition
260 _a New York:
_bAddison -Wesley Publishing Company,
_c1989.
650 _aA first course in abstract algebra
_9126127
942 _2ddc
_cBK
999 _c611892
_d611892